000 01161nam a2200241Ia 4500
999 _c53969
_d53969
001 21020
003 GE_BSU
005 20210706182502.0
008 181216s? ||||ge |||||||||||||| ||geo||
040 _cGE_BSU
041 _ageo
080 _a7.072 ბ-48
100 _aბენიამინი, ვალტერ
_912209
245 _aხელოვნების ნაწარმოები მისი ტექნიკური რეპროდუცირებადობის ეპოქაში ისტორიის ცნების შესახებ /
_cვალტერ ბენიამინი ; თარგმანი გერმ. დევი დუმბაძე.
264 _aთბილისი :
_bსაგა,
_c?.
300 _a142 გვ. ;
_c14 სმ.
490 _aჯიბის წიგნის სერია
_v2
541 _h3ლ.
653 _aხელოვნება
653 _aხელოვნებათმცოდნეობა
700 _aდუმბაძე, დევი
_eთარგმნა გერმანულიდან
_9966
942 _cBK
_2udc